[Event "Rafaelina Fed"]
[Site "Chess.com INT"]
[Date "2020.12.13"]
[Round "4"]
[White "Laorden, Gustavo"]
[Black "Fontanini, Jorge"]
[Result "1/2-1/2"]
[WhiteElo "1747"]
[BlackElo "2068"]
[PlyCount "29"]
[EventDate "2020.12.12"]
[EventType "tourn"]
[EventRounds "7"]
[EventCountry "ARG"]
[SourceTitle "EXT 2022"]
[Source "ChessBase"]
[SourceDate "2021.10.06"]
[SourceVersion "1"]
[SourceVersionDate "2021.10.06"]
[SourceQuality "1"]

1. e4 e6 2. d4 d5 3. Bd3 h6 4. Ne2 Nf6 5. e5 Nfd7 6. f4 c5 7. c3 g6 8. a3 Nc6 9. b4 cxd4 10. cxd4 Nb6 11. Nd2 h5 12. Bb2 Qh4+ 13. g3 Qh3 14. Ng1 Qg2 15. Qf3 1/2-1/2

[Event "Rafaelina Fed"]
[Site "Chess.com INT"]
[Date "2020.12.12"]
[Round "1"]
[White "Laorden, Gustavo"]
[Black "Calamari, Herminio"]
[Result "1-0"]
[WhiteElo "1747"]
[BlackElo "1323"]
[PlyCount "89"]
[EventDate "2020.12.12"]
[EventType "tourn"]
[EventRounds "7"]
[EventCountry "ARG"]
[SourceTitle "EXT 2022"]
[Source "ChessBase"]
[SourceDate "2021.10.06"]
[SourceVersion "1"]
[SourceVersionDate "2021.10.06"]
[SourceQuality "1"]

1. e4 g6 2. d4 Bg7 3. g3 d6 4. Bg2 c5 5. c3 cxd4 6. cxd4 Nc6 7. d5 Ne5 8. Nc3 Nh6 9. h3 b6 10. Nge2 0-0 11. 0-0 Ba6 12. Qa4 Qc8 13. Rd1 Nd3 14. Nd4 Nc5 15. Qa3 Bb7 16. Be3 Bxd4 17. Rxd4 Kg7 18. f4 f6 19. Rc1 Qd8 20. b4 Nd7 21. Nb5 Rc8 22. Rxc8 Qxc8 23. Qxa7 Qa8 24. Qxa8 Rxa8 25. Rd2 Rc8 26. Nd4 Nf7 27. h4 Nd8 28. Bh3 Rc3 29. Kf2 Nf8 30. Nb5 Rc4 31. Bxb6 Nf7 32. a3 Rxe4 33. Nc7 f5 34. Bf1 e5 35. Bd3 exf4 36. Bxe4 fxg3+ 37. Kxg3 fxe4 38. Kf4 Ne5 39. Bd4 Kf7 40. Bxe5 dxe5+ 41. Kxe4 Nd7 42. a4 h6 43. a5 g5 44. hxg5 hxg5 45. Ne6 1-0

[Event "Santa Fe Rafaela U2200 op"]
[Site "Santa Fe"]
[Date "2018.09.16"]
[Round "7.4"]
[White "Canelo, Jose Luis"]
[Black "Laorden, Gustavo"]
[Result "1-0"]
[WhiteElo "1933"]
[BlackElo "1771"]
[PlyCount "55"]
[EventDate "2018.09.14"]
[EventType "swiss"]
[EventRounds "7"]
[EventCountry "ARG"]
[SourceTitle "EXT 2024"]
[Source "ChessBase"]
[SourceDate "2023.10.10"]
[SourceVersion "1"]
[SourceVersionDate "2023.10.10"]
[SourceQuality "1"]

1. d4 Nf6 2. Bf4 c5 3. e3 d5 4. h3 Bf5 5. Nf3 e6 6. Nbd2 Nc6 7. c3 h6 8. Be2 Be7 9. 0-0 0-0 10. Ne5 Nxe5 11. dxe5 Nd7 12. Nb3 Nb6 13. Na5 Qc7 14. Rc1 c4 15. f3 Nd7 16. e4 Qxa5 17. exf5 exf5 18. Kh1 g5 19. Bh2 Rfd8 20. f4 f6 21. fxg5 fxe5 22. Rxf5 Bxg5 23. Ra1 Rf8 24. Qc2 Rae8 25. Raf1 Qb6 26. Bh5 Rxf5 27. Qxf5 Rf8 28. Bf7+ 1-0

[Event "Parana Dos Orillas 7th"]
[Site "Parana"]
[Date "2018.08.05"]
[Round "6.10"]
[White "Alvarez, Leandro"]
[Black "Laorden, Gustavo"]
[Result "0-1"]
[WhiteElo "2111"]
[BlackElo "1727"]
[PlyCount "92"]
[EventDate "2018.08.03"]
[EventType "swiss"]
[EventRounds "6"]
[EventCountry "ARG"]
[SourceTitle "EXT 2024"]
[Source "ChessBase"]
[SourceDate "2023.10.10"]
[SourceVersion "1"]
[SourceVersionDate "2023.10.10"]
[SourceQuality "1"]

1. e4 e6 2. d3 d5 3. Nd2 c5 4. Ngf3 g6 5. g3 Bg7 6. Bg2 Ne7 7. 0-0 0-0 8. Re1 Nbc6 9. c3 Qc7 10. Qe2 b6 11. Nf1 Bb7 12. h4 dxe4 13. dxe4 Ne5 14. Nxe5 Bxe5 15. Ne3 h5 16. Nc4 Ba6 17. Bf1 Bxc4 18. Qxc4 Bxg3 19. Bh6 Bh2+ 20. Kh1 Rfe8 21. Bg5 Bf4 22. Qe2 Bxg5 23. hxg5 Qf4 24. Qe3 Qxe3 25. Rxe3 Red8 26. Bb5 Rd2 27. Re2 Rxe2 28. Bxe2 Rd8 29. Rd1 Rxd1+ 30. Bxd1 e5 31. Kg2 Nc6 32. Kg3 Nd8 33. f4 Ne6 34. fxe5 Nxg5 35. Kf4 Ne6+ 36. Ke3 Kf8 37. Kd3 Ke7 38. Kc4 Nc7 39. b4 cxb4 40. Kxb4 Ke6 41. Bb3+ Kxe5 42. Bxf7 Kf6 43. Bc4 h4 44. Be2 g5 45. Kc4 Ke5 46. a4 Kxe4 0-1

[Event "Santa Fe Nelson op"]
[Site "Santa Fe"]
[Date "2018.04.15"]
[Round "6"]
[White "Laorden, Gustavo"]
[Black "Delgado, Mariano"]
[Result "1-0"]
[WhiteElo "1698"]
[BlackElo "1526"]
[PlyCount "71"]
[EventDate "2018.04.14"]
[EventType "swiss"]
[EventRounds "6"]
[EventCountry "ARG"]
[SourceTitle "EXT 2019"]
[Source "ChessBase"]
[SourceDate "2018.10.10"]
[SourceVersion "1"]
[SourceVersionDate "2018.10.10"]
[SourceQuality "1"]

1. e4 d5 2. exd5 Nf6 3. d4 Nfd7 4. c4 Nb6 5. c5 Nxd5 6. Nc3 c6 7. Bc4 Nxc3 8. bxc3 e5 9. Qh5 Qf6 10. Nf3 Bf5 11. Bg5 Bg6 12. Bxf6 Bxh5 13. Bxe5 Nd7 14. Bf4 Be7 15. Nd2 Bg6 16. 0-0 0-0 17. a4 b6 18. cxb6 Nxb6 19. Bb3 Nd5 20. Bxd5 cxd5 21. Nf3 Rac8 22. Bd2 f6 23. Rfe1 Rc7 24. Nh4 Bd3 25. Re3 Bc2 26. a5 a6 27. Ra2 Bd1 28. Re6 Bb3 29. Rb2 Bc4 30. Nf5 Kf7 31. Reb6 Rfc8 32. Ne3 Ra8 33. Nxc4 Rxc4 34. Ra2 Bd8 35. Rd6 Rb8 36. g3 1-0

[Event "ARG-ch sf U2300 Villa Maria 3rd"]
[Site "Villa Maria"]
[Date "2017.06.18"]
[Round "5.3"]
[White "Laorden, Gustavo"]
[Black "Azcona, Juan"]
[Result "1/2-1/2"]
[WhiteElo "1754"]
[BlackElo "1861"]
[PlyCount "104"]
[EventDate "2017.06.17"]
[EventType "swiss"]
[EventRounds "6"]
[EventCountry "ARG"]
[SourceTitle "EXT 2024"]
[Source "ChessBase"]
[SourceDate "2023.10.10"]
[SourceVersion "1"]
[SourceVersionDate "2023.10.10"]
[SourceQuality "1"]

1. e4 c5 2. c3 d5 3. exd5 Qxd5 4. d4 Nf6 5. Nf3 e6 6. Be2 Nc6 7. Be3 b6 8. 0-0 Be7 9. dxc5 bxc5 10. Nbd2 0-0 11. Nb3 Rb8 12. Qxd5 Nxd5 13. Rab1 Nxe3 14. fxe3 a5 15. Nbd2 a4 16. Nc4 Ba6 17. Kf2 Bf6 18. Na3 Bxe2 19. Kxe2 Na5 20. Nd2 Rb7 21. Rf4 Rfb8 22. Rxa4 Nc6 23. Rc4 Rxb2 24. Rxc5 Ne7 25. Rb5 R8xb5 26. Nxb5 Rxa2 27. c4 g6 28. Nd4 Bxd4 29. exd4 Nf5 30. Rb8+ Kg7 31. d5 exd5 32. cxd5 h5 33. Kd3 h4 34. Rb6 Kf8 35. d6 Ke8 36. Ne4 Ra8 37. Nf6+ Kf8 38. Ke4 Ra4+ 39. Ke5 Nxd6 40. Rxd6 Ra2 41. Rd8+ Kg7 42. Rg8+ Kh6 43. Rh8+ Kg7 44. Rh7+ Kf8 45. Rh8+ Kg7 46. Rg8+ Kh6 47. Ng4+ Kg5 48. Ne3 h3 49. gxh3 Rxh2 50. Rh8 f5 51. Rh7 f4 52. h4+ Rxh4 1/2-1/2

[Event "ARG-ch sf U2300 Villa Maria 3rd"]
[Site "Villa Maria"]
[Date "2017.06.18"]
[Round "4.2"]
[White "Laorden, Gustavo"]
[Black "Raviolo, Ignacio"]
[Result "0-1"]
[WhiteElo "1754"]
[BlackElo "2137"]
[PlyCount "106"]
[EventDate "2017.06.17"]
[EventType "swiss"]
[EventRounds "6"]
[EventCountry "ARG"]
[SourceTitle "EXT 2024"]
[Source "ChessBase"]
[SourceDate "2023.10.10"]
[SourceVersion "1"]
[SourceVersionDate "2023.10.10"]
[SourceQuality "1"]

1. e4 d6 2. d4 g6 3. Nc3 Bg7 4. f4 c6 5. Be3 b5 6. a3 a6 7. Nf3 Nf6 8. Be2 0-0 9. 0-0 Qb6 10. h3 Nbd7 11. Qd2 Bb7 12. e5 Ne8 13. Ng5 Nc7 14. exd6 exd6 15. Nge4 Nd5 16. Nxd5 cxd5 17. Ng3 Rae8 18. c3 Bh6 19. Rae1 Qd8 20. Bg4 f5 21. Bd1 Qh4 22. Qf2 Nf6 23. Ne4 Qxf2+ 24. Nxf2 Ne4 25. Nxe4 dxe4 26. Bb3+ d5 27. a4 Ra8 28. axb5 axb5 29. Ra1 Kf7 30. Kf2 Ke6 31. Rxa8 Rxa8 32. g4 Bf8 33. Bd2 Be7 34. g5 Bc6 35. h4 b4 36. cxb4 Bb5 37. Rc1 Bd6 38. h5 Bc4 39. Bxc4 dxc4 40. hxg6 hxg6 41. Rh1 Ra2 42. Rb1 Kd5 43. Ke3 Ra4 44. b5 Bc7 45. Rh1 Ba5 46. Rh6 Bxd2+ 47. Kxd2 Rb4 48. Kc3 Rb3+ 49. Kc2 e3 50. Rxg6 e2 51. Kd2 Rxb2+ 52. Ke1 c3 53. Rc6 c2 0-1

[Event "ARG-ch sf"]
[Site "La Banda"]
[Date "2017.01.14"]
[Round "1"]
[White "Zaidman, Gaston"]
[Black "Laorden, Gustavo"]
[Result "1-0"]
[WhiteElo "1958"]
[BlackElo "1743"]
[PlyCount "83"]
[EventDate "2017.01.14"]
[EventType "swiss"]
[EventRounds "6"]
[EventCountry "ARG"]
[SourceTitle "CBM 176 Extra"]
[Source "ChessBase"]
[SourceDate "2017.03.02"]
[SourceVersion "1"]
[SourceVersionDate "2017.03.02"]
[SourceQuality "1"]

1. c4 e5 2. Nc3 Bb4 3. Nf3 Bxc3 4. dxc3 Qe7 5. g3 d6 6. Bg2 Nd7 7. 0-0 Ngf6 8. Qc2 0-0 9. a4 a5 10. b3 Re8 11. Rd1 h6 12. Nd2 e4 13. Nf1 b6 14. h3 Bb7 15. Ne3 Qe5 16. Qd2 Nc5 17. Rb1 Rad8 18. Ba3 Bc6 19. Nc2 Bd7 20. Qe3 Qh5 21. g4 Qe5 22. Nd4 Ne6 23. Nf5 Nf4 24. Ng3 Nxg2 25. Kxg2 g5 26. Qd4 Kg7 27. Bc1 Kg6 28. Qxe5 Rxe5 29. Be3 Re7 30. Bd4 Rde8 31. Bxf6 Kxf6 32. e3 Re5 33. Rd4 Bc6 34. Rbd1 Rd8 35. Kf1 Bd7 36. Nxe4+ Kg6 37. Nxd6 Bxg4 38. hxg4 cxd6 39. Rxd6+ Rxd6 40. Rxd6+ f6 41. Rxb6 Re4 42. c5 1-0